000 00339nam a22001457a 4500
008 210609b ||||| |||| 00| 0 eng d
020 _a9780761924531
041 _aeng
080 _a159.9
082 _a159.9
100 _a48
101 _aPSI
245 _aAttitudes and Related Psychosocial Constructs
_cAiken,L.R
942 _2udc
_cBK
999 _c58078
_d58078